000 00733nam a2200217 i 4500
001 39469
003 ES-MaACL
005 20250826060522.0
007 t|
008 030303s1890 sp ||||1| spa d
100 1 _aCancio Mena, Juan.
_934437
245 1 3 _aLa cuestión obrera /
_cJuan Cancio Mena.
260 _aZaragoza :
_b[s.n.],
_c1890 (
_fImp. Mariano Salas)
300 _a56 p. ;
_c15 cm.
530 _aDisponible en formato digital.
650 4 _aRelaciones laborales.
_9153941
650 7 _aClase trabajadora
_2embne
_9151811
852 _aES-MaACL
_jT-1299-F-3
856 _uhttp://bdh-rd.bne.es/viewer.vm?id=0000048286&page=1
_zBiblioteca Digital HispƔnica
999 _c39469
_d39469